000 00819nam a22002175i 4500
001 167956
003 ES-MaACL
005 20230906213637.0
008 051003m18841885fr a | |||||||| ||fre d
040 _aCAM
_bspa
_cCAM
080 _a614.23(0:82
080 _a61(0:82
100 1 _aWitkowski, Gustave Joseph.
_9133949
245 1 3 _aLe mal qu'on a dit des médecins /
_cG.-J. Witkowski.
260 _aParis :
_bC. Marpon et E. Flammarion éditeurs,
_c1884-1885 (
_fTyp. Ch. Unsinger)
300 _a2 v. :
_bil. ;
_c16 cm.
505 8 _aContiene: 1e série: Auteurs grecs & latins (VII, 239 p.) - 2e série: Auteurs français jusqu'a Molière et ses contemporains (XII, 369 p.)
650 4 _aMédicos-
_xEn la literatura.
_9168324
650 4 _aMedicina-
_xEn la literatura.
_914923
852 _aES-MaACL
_jF-279-80
999 _c167956
_d167956